000 00371nam a2200133Ia 4500
008 151001s9999||||xx |||||||||||||| ||und||
100 _aजयराम कामत
245 _aअंधारयातत्री
250 _a1
260 _b"मित्र समाज प्रकाशन, गोवा"
260 _c2013
300 _a136
365 _b21
999 _c999646
_d999643